000 00535nam a2200193Ia 4500
008 151119s9999||||xx |||||||||||||| ||und||
082 _a891.463
082 _bGKKV4520
100 _aकाशीकर एस एम
245 _aएक पाउल पुढे
260 _a--
260 _b--
260 _c1990
600 _aकाशीकर एस एम
630 _aएक पाउल पुढे
700 _aकाशीकर एस एम
730 _aएक पाउल पुढे
942 _cBOOK
999 _c1059798
_d1059795